S-Bahn Zürich #2 - Statistiken

Allgemein
  • Dieses Quiz wurde 70 mal gespielt
  • Das Durchschnittsergebnis liegt bei 76 aus 112
Antwortstatistiken
S-Bahn Haltestelle % Korrekt
Stettbach
96%
Zürich HB
96%
Altstetten
93%
Hardbrücke
93%
Stadelhofen
93%
S9 Uster
93%
Hüntwangen-Wil
89%
Schaffhausen
85%
Winterthur
85%
S11 Aarau
81%
Bülach
81%
Dietikon
81%
Dübendorf
81%
Oerlikon
81%
Schlieren
81%
Schlieren Glanzenberg
81%
S12 Brugg
78%
Nänikon-Greifensee
78%
Schwerzenbach
78%
Seen
78%
Wil SG
78%
Baden
74%
Dietlikon
74%
Effretikon
74%
1. Zw Grüze
74%
Kilchberg
74%
Killwangen-Spreitenbach
74%
Oberglatt
74%
S8 Pfäffikon SZ
74%
Seuzach
74%
Thalwil
74%
Uetliberg
74%
Enge
70%
Horgen
70%
Lenzburg
70%
Rümlang
70%
Rüschlikon
70%
Selnau
70%
Wädenswil
70%
Wiedikon
70%
Wila
70%
Wollishofen
70%
Andelfingen
67%
Eglisau
67%
Killwangen-Spreitenbach
67%
Marthalen
67%
Niederglatt
67%
2. Zw Oberwinterthur
67%
Rafz
67%
Triemli
67%
Wallisellen
67%
Wettingen
67%
Friesenberg
63%
Glattbrugg
63%
Jestetten
63%
Neuhausen
63%
Sennhof-Kyburg
63%
Binz
59%
Glattfelden
59%
Oberrieden
59%
Othmarsingen
59%
Richterswil
59%
Uitikon Waldegg
59%
Henggart
56%
2. Zw Hettlingen
56%
Lottstetten
56%
Ringlikon
56%
Turbenthal
56%
Au
52%
Rämismühle-Zell
52%
Schloss Laufen am Rheinfall
52%
Turgi
52%
Aadorf
48%
Dachsen
48%
Mellingen-Heitersberg
48%
Bäch
44%
Neuhausen Rheinfall
44%
Elgg
41%
Hegi
41%
Kollbrunn
41%
Mägenwil
41%
Neuenhof
41%
Schweighof
41%
Freienbach SBB
37%
Reutlingen
33%
Rikon
33%
Wallrüti
33%
Schottikon
26%
Räterschen
22%
Eschlikon
19%
Sirnach
19%
Guntershausen
15%
Keine übereinstimmenden Quizze gefunden
Verteilung der Resultate
Anzahl Personen mit jedem Resultat
Perzentil nach korrekt beantworteten Fragen
Ihre Resultats-Entwicklung
Sie haben dieses Quiz noch nicht gespielt